000 00294nam a22001097a 4500
082 _a621.381 DUM'E
100 _aLEE, LOW. L,BRUNETTI, C,DUMMER, G. W. A
_957115
245 _aELECTRONIC EQUIPMENT DESIGN AND CONSTRUCTION
260 _aNEWYORK
_bMCGRAW HILL
_c1961
300 _a241P
942 _cBK
999 _c567414
_d567414